| 000 | 00648nam a2200217 u 4500 | ||
|---|---|---|---|
| 005 | 20220921063449.0 | ||
| 008 | 150225s2007 r 000 0 eng d | ||
| 020 | _a9788434229174 | ||
| 035 | _aUPN01000202075 | ||
| 049 | _aI | ||
| 050 | 4 |
_aQH309.2 _bB3.2 |
|
| 100 | 1 |
_aBarres Manuel, Josep Maria _937258 |
|
| 245 | 1 | 0 |
_aApuntes de biología / _cJosep Maria Barres ; il. Pere Lluís León. |
| 260 |
_aBarcelona, Esp. : _bParramón, _c2007. |
||
| 300 |
_a96 p. : _bil. col. |
||
| 440 | 0 |
_aESO ; _p+ apuntes |
|
| 650 | 7 |
_aBiología _vLiteratura infantil _2 _94652 |
|
| 650 | 2 |
_aVida (Biología) _99018 |
|
| 905 | _aInfantil | ||
| 999 |
_c174176 _d174176 |
||